| 000 | 00717cam a2200229 4500 | ||
|---|---|---|---|
| 001 | M85838 | ||
| 008 | 090401t1997 xxu||||| |||| 00| 0 eng d | ||
| 035 | _a(Sirsi) u80255 | ||
| 041 | _aeng | ||
| 050 | _a333.0062 | ||
| 110 |
_aRoyal Institution of Chartered Surveyors _94900 |
||
| 245 | _aTo sustain the real estate - what must change? The inaugural address of the president, Peter McKendrick FRICS, given on 8 July 1997 at the Institution`s headquarters in London. | ||
| 260 |
_aLondon _bRICS _c1997 |
||
| 300 | _a15p ; 30cm. | ||
| 350 | _a0 | ||
| 650 | _aPRESIDENTIAL ADDRESS | ||
| 650 | _aPROPERTY | ||
| 650 | _aREAL ESTATE | ||
| 690 | _aPROPERTY LAW AND PRACTICE | ||
| 942 | _n0 | ||
| 948 | _c14/08/1997 | ||
| 999 |
_c96610 _d96610 |
||